000 00962nas a2200289 4500
001 BR2013001941
003 BR-BrBNA
005 20231205122126.0
007 ta
008 230509b bl.|||p| |||| 00| 00por d
040 _aBR-BrBNA
_bpor
_cBiblioteca Nacional de Agricultura
041 _a(Pt)
072 _aA01; F40
100 1 _aStupp, J.J.
100 1 _aGonçalves, P.A. de S.
100 1 _aBoff, M.I.C.
245 1 _aEfeito da calda bordalesa e extrato de adultos de Diabrotica speciosa no manejo fitossanitário de feijoeiro cultivado sob o sistema orgânico
650 _aAGRICULTURA ALTERNATIVA
650 _aPRODUÇÃO ORGÂNICA
650 _aFEIJÃO
650 _aFUNGICIDA CÚPRICO
650 _aCALDA BORDOLEZA
650 _aINSETO
773 0 _tRevista de Ciências Agroveterinárias (Brazil)
_xISSN 1676-9732
_g(Sep-Dec 2012), v. 11(3) p. 222-229
_wBR2013001941
909 _a202311
_bLúcia
_c55
_dLúcia Elande
942 _2AGRIS
_n0
_cANA
999 _c227052
_d227052